00293nam a22000977a 4500008004100000082001800041100001000059245010500069260001200174300000900186230629b xxu||||| |||| 00| 0 eng d a333.79bMOERD cMOERD aInterim Investment Programmeb For the Economic Recovery Strategy for Wealth and Employment Creation b c2007 a136p